000
00350nam a2200157Ia 4500
003
OSt
005
20240120145157.0
008
170524s9999 xx 000 0 und d
020
_a
9788174090997
040
_c
IIMT UNIVERSITY
100
_a
Khanna QP
245
0
_a
Production Technology
260
_b
Dhanpat Rai
260
_c
2009
942
_2
ddc
_c
02
999
_c
5620
_d
5620